Mechatronics: Electronic Control systems in Mechanical and Electrical Engineering (Record no. 11513)

MARC details
000 -LEADER
fixed length control field 00435nam a22001697a 4500
003 - CONTROL NUMBER IDENTIFIER
control field OSt
008 - FIXED-LENGTH DATA ELEMENTS--GENERAL INFORMATION
fixed length control field 220906b ||||| |||| 00| 0 eng d
020 ## - INTERNATIONAL STANDARD BOOK NUMBER
International Standard Book Number 9789353065881
082 ## - DEWEY DECIMAL CLASSIFICATION NUMBER
Classification number 621.892 BOM
100 ## - MAIN ENTRY--PERSONAL NAME
Personal name BOLTON,William
245 ## - TITLE STATEMENT
Title Mechatronics: Electronic Control systems in Mechanical and Electrical Engineering
250 ## - EDITION STATEMENT
Edition statement 6th
260 ## - PUBLICATION, DISTRIBUTION, ETC. (IMPRINT)
Place of publication, distribution, etc New Delhi
Name of publisher, distributor, etc Pearson
Date of publication, distribution, etc 2022
300 ## - PHYSICAL DESCRIPTION
Extent 664
650 ## - SUBJECT ADDED ENTRY--TOPICAL TERM
Topical term or geographic name as entry element ME
942 ## - ADDED ENTRY ELEMENTS (KOHA)
Source of classification or shelving scheme Dewey Decimal Classification
Koha item type Text Books
Holdings
Withdrawn status Lost status Source of classification or shelving scheme Damaged status Not for loan Collection code Home library Current library Date acquired Source of acquisition Currency Cost, normal purchase price Bill Number Total Checkouts Full call number Acc. no. / Barcode Date last seen Actual Cost, discounted price Bill Date Koha item type Checked out Date last borrowed
    Dewey Decimal Classification     B.Tech(ME) PIET C-LIBRARY PIET C-LIBRARY 29/08/2022 Kirti Praskshan IN Rupees 850.00 IN862   621.892 BOM 33878 06/09/2022 578.00 29/08/2022 Text Books    
    Dewey Decimal Classification     B.Tech(ME) PIET C-LIBRARY PIET C-LIBRARY 29/08/2022 Kirti Praskshan IN Rupees 850.00 IN862   621.892 BOM 33879 06/09/2022 578.00 29/08/2022 Text Books    
    Dewey Decimal Classification     B.Tech(ME) PIET C-LIBRARY PIET C-LIBRARY 29/08/2022 Kirti Praskshan IN Rupees 850.00 IN862   621.892 BOM 33880 06/09/2022 578.00 29/08/2022 Text Books    
    Dewey Decimal Classification     B.Tech(ME) PIET C-LIBRARY PIET C-LIBRARY 29/08/2022 Kirti Praskshan IN Rupees 850.00 IN862 1 621.892 BOM 33881 27/03/2024 578.00 29/08/2022 Text Books 10/04/2024 27/03/2024
    Dewey Decimal Classification     B.Tech(ME) PIET C-LIBRARY PIET C-LIBRARY 29/08/2022 Kirti Praskshan IN Rupees 850.00 IN862   621.892 BOM 33882 06/09/2022 578.00 29/08/2022 Text Books    

Design & Developed by: PIET Central Library
R70 Miles Stone Pattikalyana Samalkha Panipat 132102
mail ID :- [email protected], Phone No:- 0180-2569700 Ex.216